zpět

Detail výsledku týmu

Harry, Brno

Datum a čas kvízu

34 Celkem bodů Celkový počet nahraných bodů na tomto kvízu bez doplňovacích otázek.
5. Pořadí na kvízu Konečné umístění týmu na tomto kvízu.

Zaznamenané odpovědi

# Otázka Odpověď Body Výsledky
1. Jistý zlomyslný muž odstranil... v Brně 0
2. Jihokorejská vláda nasadila na... na hledání štěnic 1
3. Animovaný seriál Bob a Bobek –... Hádkovi 1
4. Ve čtvrtek byla zahájena naše... České Budějovice, 50. ročník 0.5
5. Minulý týden došlo ke zveřejně... Jannik Sinner 1
6. Historie Texasu je těsně spoje... San Antonio 0
7. Hranici mezi Texasem a Mexikem... Colorado 1
8. V jižním cípu Texasu se nacház... Boca Chica 1
9. Jak se jmenuje hlavní město Te... Austin 1
10. Mezi několik známých osobností... Eva Longoria, Zoufalé manželky 1